[Event "Colombo Golden Jubilee op"]
[Site "Colombo"]
[Date "2022.11.27"]
[Round "9"]
[White "Jayaweera, Hashan"]
[Black "Amer, Karim"]
[Result "0-1"]
[WhiteElo "1404"]
[BlackElo "2171"]
[PlyCount "70"]
[EventDate "2022.11.23"]
[EventType "swiss"]
[EventRounds "9"]
[EventCountry "SRI"]
[SourceTitle "CBM 211 Extra"]
[Source "ChessBase"]
[SourceDate "2023.01.31"]
[SourceVersion "1"]
[SourceVersionDate "2023.01.31"]
[SourceQuality "1"]

1. d4 Nf6 2. Nf3 e6 3. g3 b6 4. Bg2 Bb7 5. 0-0 Be7 6. c4 0-0 7. Nc3 d5 8. cxd5 exd5 9. Bf4 c5 10. Rc1 Nbd7 11. Nb5 Nh5 12. Bc7 Qc8 13. Bd6 Re8 14. Ne5 Ba6 15. dxc5 Bxb5 16. cxb6 Qa6 17. b7 Rad8 18. Nxd7 Bxd6 19. Qxd5 g6 20. b8Q Bxb8 21. Nxb8 Rxb8 22. Rc7 Rf8 23. Rfc1 Bxe2 24. Qd4 Qb6 25. Qd2 Bg4 26. b3 Rbd8 27. Qg5 Be6 28. Re7 Ng7 29. Qf6 Nf5 30. Rb7 Qa5 31. a4 a6 32. Bc6 Qd2 33. Rf1 Nd4 34. Bf3 Nxf3+ 35. Qxf3 Bd5 0-1